Ley de quiebras: comentada y anotada y leyes complementarias
Saved in:
| Hovedforfatter: | |
|---|---|
| Format: | Bog |
| Sprog: | spansk |
| Udgivet: |
Buenos Aires
Bibliográfica Argentina
1962
|
| Fag: | |
| Tags: |
Tilføj Tag
Ingen Tags, Vær først til at tagge denne postø!
|
MARC
| LEADER | 00000nam a2200000 a 4500 | ||
|---|---|---|---|
| 001 | UCS2005 | ||
| 003 | CL-VaPUC | ||
| 008 | 970516e19620000AG |||||||||||||||||spa|d | ||
| 082 | 0 | 4 | |a 346.078 |b SAJ |2 21 |
| 100 | 0 | |a Sajón, Jaime V |e author |9 386982 | |
| 245 | 1 | 0 | |a Ley de quiebras: comentada y anotada y leyes complementarias |
| 300 | |a 484 p | ||
| 942 | |c BK | ||
| 945 | |d 19970516 00:00:00 |a cmena | ||
| 260 | |a Buenos Aires |b Bibliográfica Argentina |c 1962 | ||
| 650 | 0 | |a Derecho comercial |9 256340 | |
| 650 | 0 | |a Quiebra |9 255386 | |
| 650 | 0 | |a Deudor y acreedor |9 256643 | |
| 650 | 7 | |a LEGISLACION |2 CL-VaPUC |9 386983 | |
| 650 | 0 | |a Sociedades comerciales |9 257290 | |
| 650 | 0 | |a Aspectos económicos |9 255165 | |
| 651 | 0 | |a Argentina |9 254888 | |
| 583 | |a last modification |c 19970516 00:00:00 |k Rodrigo Vera | ||
| 999 | |c 260004 |d 260002 | ||
| 952 | |0 0 |1 0 |4 0 |6 346_078000000000000_SAJ_1962 |7 0 |8 A |9 285565 |a BIBDER |b BIBDER |d 2019-11-19 |i 1858076 |o 346.078 SAJ 1962 |p 1858076 |r 2023-01-25 |w 2019-11-19 |y BK |k DER | ||